| 000 | 01014cab a2200289 4500 | ||
|---|---|---|---|
| 001 | ABS56842 | ||
| 008 | 090401t1997 xxu||||| |||| 00| 0 eng d | ||
| 035 | _a(Sirsi) u77751 | ||
| 041 | _aeng | ||
| 100 | _aBarlow, J. | ||
| 245 | _aEnvironmental performance as a competitive strategy? British speculative house builders in the 1990s | ||
| 260 | _c1997 | ||
| 350 | _a0 | ||
| 490 |
_aPlanning Practice & Research _v12(1) February 1997, 33-44(12) |
||
| 520 | _aLooks at how the housebuilding industry is responding to environmental performance regulations and considers whether the new standards are stimulating change in products and strategies. | ||
| 650 |
_aBUILDING REGULATIONS _96224 |
||
| 650 | _aENERGY EFFICIENCY | ||
| 650 | _aENVIRONMENTAL PERFORMANCE | ||
| 650 | _aHOUSE BUILDERS | ||
| 650 | _aHOUSE BUILDING INDUSTRY | ||
| 650 | _aSTANDARD ASSESSMENT PROCEDURE | ||
| 650 | _aSUSTAINABLE DEVELOPMENT | ||
| 690 | _aHOUSING | ||
| 700 | _aBhatti, M. | ||
| 942 | _n0 | ||
| 948 | _c16/04/1997 | ||
| 999 |
_c48871 _d48871 |
||